Statistics for La Liga 5 Year Ranking

Click here to take the quiz!

General Stats

  • This quiz has been taken 29 times
  • The average score is 11 of 29

Answer Stats

PointsTeam% Correct
455Barcelona
100%
419Real Madrid
100%
317Sevilla
100%
399Atletico Madrid
96%
301Valencia
96%
296Villarreal
72%
276Athletic Bilbao
68%
257Real Sociedad
52%
246Celta Vigo
40%
250Espanyol
40%
187Getafe
28%
105Las Palmas
28%
194Real Betis
28%
152Alaves
24%
142Deportivo La Coruna
24%
164Malaga
24%
230Eibar
20%
94Granada
20%
159Levante
20%
41Real Valladolid
20%
20Cordoba
16%
88Girona
16%
123Leganes
16%
119Rayo Vallecano
16%
33Huesca
12%
22Osasuna
12%
70Sporting Gijon
12%
32Almeria
8%
41Elche
8%

Score Distribution

Percentile by Number Answered

Percent of People with Each Score

Your Score History

You have not taken this quiz